Inštitucionálne formy tokov medzinárodného finančného kapitálu

Gespeichert in:
Bibliographische Detailangaben
1. Verfasser: Hošková, Adela
Format: Buch
Sprache:Slowakisch
Veröffentlicht: Bratislava Výskumný ústav národohospodársky VŠE 1991
Ausgabe:1. vyd.
Tags: Tag hinzufügen
Keine Tags, Fügen Sie das erste Tag hinzu!

MARC

LEADER 00000nam a2200000 4500
001 c023707
005 20221214093832.0
041 0 |a slo 
044 |a SK 
245 1 0 |a Inštitucionálne formy tokov medzinárodného finančného kapitálu  |c Adela Hošková 
250 |a 1. vyd. 
264 1 |a Bratislava  |b Výskumný ústav národohospodársky VŠE  |c 1991 
300 |a 55 s. 
100 1 |a Hošková, Adela